|
|
|
|
| LEADER |
00000naa2a2200000 4500 |
| 001 |
386858 |
| 005 |
20231101063526.0 |
| 035 |
|
|
|a (RuTPU)RU\TPU\prd\16030
|
| 090 |
|
|
|a 386858
|
| 100 |
|
|
|a 20030707a2003 k y0rusy50 ca
|
| 101 |
0 |
|
|a rus
|
| 102 |
|
|
|a RU
|
| 200 |
1 |
|
|a Возможности использования автокаталитического рекомбинатора горючих газов на АЭС с реакторами BWR
|f К. Ю. Кабаяси, К. Мурано, К. Мията
|g Пер. М. С. Маяновский
|
| 225 |
1 |
|
|a Переводы
|
| 461 |
|
1 |
|0 (RuTPU)RU\TPU\prd\1300
|x 0320-9326
|t Атомная техника за рубежом
|o научно-технический журнал
|f Росатом; Государственная корпорация по атомной энергии; Ядерное общество России (ЯОР)
|d 1957-
|
| 463 |
|
1 |
|0 (RuTPU)RU\TPU\prd\15767
|t № 5
|v С. 27-33
|d 2003
|
| 610 |
1 |
|
|a ректоры BWR
|
| 610 |
1 |
|
|a пассивный каталититческий рекомбинатор
|
| 610 |
1 |
|
|a водород
|
| 610 |
1 |
|
|a воспламенение
|
| 610 |
1 |
|
|a кислород
|
| 610 |
1 |
|
|a концентрация
|
| 610 |
1 |
|
|a контроль
|
| 675 |
|
|
|a 621.039.578
|v 3
|
| 700 |
|
1 |
|a Кабаяси
|b К. Ю.
|
| 701 |
|
1 |
|a Мурано
|b К.
|
| 701 |
|
1 |
|a Мията
|b К.
|
| 702 |
|
1 |
|a Маяновский
|b М. С.
|4 730
|
| 801 |
|
1 |
|a RU
|b 63413507
|c 20030707
|g PSBO
|
| 801 |
|
2 |
|a RU
|b 63413507
|c 20120420
|g RCR
|
| 942 |
|
|
|c BK
|